Όνειρα ματωμένα
Αποθηκεύτηκε σε:
| Κύριος συγγραφέας: | |
|---|---|
| Μορφή: | Βιβλίο |
| Γλώσσα: | English Greek |
| Δημοσίευση: |
Montreal, Canada :
[χ.ό.],
[19--].
|
| Θέματα: | |
| Ετικέτες: |
Προσθήκη ετικέτας
Δεν υπάρχουν, Καταχωρήστε ετικέτα πρώτοι!
|
MARC
| LEADER | 00000nam a2200000 a 4500 | ||
|---|---|---|---|
| 001 | 1/127077 | ||
| 008 | 230721q19uu####cn | ||| |||| ||eng|| | ||
| 040 | |a GR-MyUa |b gre |c GR-MyUa |e AACR2 | ||
| 041 | 0 | |a gre | |
| 082 | 7 | |a 889.1 |2 (23) | |
| 100 | 1 | |a Χριστούλας, Χρήστος. | |
| 245 | 1 | 0 | |a Όνειρα ματωμένα / |c Χρήστου Χριστούλα. |
| 260 | |a Montreal, Canada : |b [χ.ό.], |c [19--]. | ||
| 300 | |a 133 σ. ; |c 22 εκ. | ||
| 650 | 0 | |a Greek poetry |z Cyprus. | |
| 650 | 0 | |a Greek literature, Modern |z Cyprus. | |
| 852 | |a INST |b RHODES |e 20230721 |h 889.1 ΧΡΙ |p 005400043721 |q 005400043721 |t BK |y 0 | ||
| 852 | |a INST |b RHODES |e 20230721 |h 889.1 ΧΡΙ |p 005400043722 |q 005400043722 |t BK |y 0 | ||
| 970 | |z 21-07-2023 | ||